000 00378nam a22001697a 4500
005 20160627093038.0
008 160627b xxu||||| |||| 00| 0 eng d
020 _a0-19-566999-1
041 _aeng
082 _b10331
100 _aSeely, John
_91808
245 _aOne step ahead words
260 _bOxford
_c2004
300 _a124
650 _aManagement
_9241
942 _cBK
999 _c4104
_d4103